| 000 | 00516nam a22001697a 4500 | ||
|---|---|---|---|
| 005 | 20251108165936.0 | ||
| 008 | 250721s1971 xx 000 0 ara d | ||
| 082 | 1 | 4 | _aط/م/380.3/اتص |
| 245 | 1 | 0 |
_aالاتصالات و المواصلات : _bتكنولوجيا / |
| 264 | 1 |
_aجنيف : _bشركة ترادكسيم، _c1971. |
|
| 300 | _a158ص | ||
| 490 | 0 | _aمصور بالالوان | |
| 650 | 1 | 7 | _aالمواصلات |
| 653 | _aناشئون كبار (15-18)سنة | ||
| 942 |
_2ddc _cREF |
||
| 999 |
_c35468 _d35468 |
||